[Event "Fenain op"]
[Site "Fenain"]
[Date "2007.02.24"]
[Round "1.5"]
[White "Soyez, Cyril"]
[Black "Amrani, Emilien"]
[Result "1-0"]
[WhiteElo "2105"]
[BlackElo "1799"]
[PlyCount "65"]
[EventDate "2007.02.24"]
[EventType "swiss"]
[EventRounds "7"]
[EventCountry "FRA"]
[SourceTitle "CBM 117 Extra"]
[Source "ChessBase"]
[SourceDate "2007.05.09"]
[SourceVersion "1"]
[SourceVersionDate "2007.05.09"]
[SourceQuality "1"]

1. c4 g6 2. g3 Bg7 3. Bg2 Nf6 4. Nc3 d6 5. Nf3 c5 6. d4 0-0 7. 0-0 Bg4 8. h3 Bxf3 9. Bxf3 Nc6 10. dxc5 dxc5 11. Be3 Qb6 12. Na4 Qb5 13. Nxc5 Qxb2 14. Qb3 Qxb3 15. axb3 Nh5 16. Rad1 Na5 17. Rd7 e6 18. Nxb7 Nxb7 19. Bxb7 Rad8 20. Rfd1 Rxd7 21. Rxd7 a5 22. Bb6 Be5 23. Bxa5 Nf6 24. Rd8 Rxd8 25. Bxd8 Nd7 26. b4 Bd6 27. Bc8 Ne5 28. c5 Nc6 29. Bb6 Be5 30. b5 Nd4 31. Ba6 Kf8 32. c6 Ke8 33. Bxd4 1-0